| 000 | 01219nam a22003617a 4500 | ||
|---|---|---|---|
| 003 | CHAP | ||
| 005 | 20220329134245.0 | ||
| 008 | 971013s1980 r 00010 d | ||
| 010 | _a17713 | ||
| 011 | _a18685 | ||
| 035 | _a22770 | ||
| 040 | _cCHAP | ||
| 082 |
_a595.7 _bB53 |
||
| 100 | 0 | 0 |
_aBlackman, R. L. _eed. _913007 |
| 245 | _aInsect cytogenetics | ||
| 260 |
_aOxford : _bBlackwell scientific, _c1980 |
||
| 300 |
_a278 p. _b: ilus. |
||
| 490 |
_aSymposia of the Royal Entomological Society of London _v; 10 |
||
| 590 |
_aBATCH-UPD _b10 _c20130109 _lUCH01 _h2315 |
||
| 590 |
_aBATCH-UPD _b10 _c20130110 _lUCH01 _h2137 |
||
| 590 |
_aBATCH-UPD _b10 _c20130409 _lUCH01 _h1834 |
||
| 590 |
_aBATCH-UPD _b10 _c20130410 _lUCH01 _h1445 |
||
| 590 |
_aBATCH-UPD _b10 _c20130914 _lUCH01 _h0458 |
||
| 590 |
_aCONVERSION _b10 _c20130109 _lUCH01 _h1311 |
||
| 650 | 1 | 4 |
_aCitogenética _xCongresos. _923486 |
| 650 | 1 | 4 |
_aInsectos _xGenética. _958923 |
| 700 | 0 |
_aAshburner, M. _97905 |
|
| 700 | 0 |
_aHewitt, G. M. _eed. _955099 |
|
| 830 | 0 |
_aSymposia of the Royal Entomological Society of London _v; 10 _9110928 |
|
| 901 | _aBK | ||
| 942 | _cLIBRO | ||
| 949 |
_a595.7 B53 _bBC _cLIBRO _d33724000371589 _eLIBRO _gI. 126625 _h65824 _i22770 _si _t9.21 |
||
| 999 |
_c17713 _d17713 |
||